ბათუმის შოთა რუსთაველის სახელმწიფო უნივერსიტეტის ბიბლიოთეკა

Организация и планирование производства на предприятиях нефтяной и газовой промышленности. (ბიბ.ჩანაწერი № 37294)

000 -LEADER
fixed length control field 00884nam a2200205Ia 4500
001 - CONTROL NUMBER
control field 3253
003 - CONTROL NUMBER IDENTIFIER
control field GE_BSU
008 - FIXED-LENGTH DATA ELEMENTS--GENERAL INFORMATION
fixed length control field 181216s||||||||xx |||||||||||||| ||und||
040 ## - CATALOGING SOURCE
Transcribing agency GE_BSU
080 ## - UNIVERSAL DECIMAL CLASSIFICATION NUMBER
Universal Decimal Classification number 658.5+622(075.32)
100 ## - MAIN ENTRY--PERSONAL NAME
Personal name Ястремская,В.Б. Сыромятников,Е.С. Злотникова,Л.Г, Савицкий, В.Б.
245 ## - TITLE STATEMENT
Title Организация и планирование производства на предприятиях нефтяной и газовой промышленности.
250 ## - EDITION STATEMENT
Edition statement 2-е изд. перераб.и доп.
260 ## - PUBLICATION, DISTRIBUTION, ETC.
Place of publication, distribution, etc. М.
260 ## - PUBLICATION, DISTRIBUTION, ETC.
Name of publisher, distributor, etc. Недра.
260 ## - PUBLICATION, DISTRIBUTION, ETC.
Date of publication, distribution, etc. 1978.
300 ## - PHYSICAL DESCRIPTION
Extent 343 стр. 21 см.
653 ## - INDEX TERM--UNCONTROLLED
Uncontrolled term Организация и планирование производства на предприятиях нефтяной и газовой промышленности
942 ## - ADDED ENTRY ELEMENTS (KOHA)
Koha item type წიგნი
ეგზემპლარები
Withdrawn status Lost status Damaged status Not for loan Date acquired Barcode Date last seen Price effective from Koha item type Public note
        2018-12-17 9892 2018-12-17 2018-12-17 წიგნი დარბაზი
        2018-12-17 10007 2018-12-17 2018-12-17 წიგნი დარბაზი